00820cam a2200217 a 450000100100000000500170001000800410002701000130006804000230008108200180010410000460012224500690016826000530023730000350029065000300032565000320035560000450038791000340043295201210046699900150058700000260420200929150224.0790619s1978 ve cf f000 p spa  a78112872 aDO-SdBNPcDLCdDLC aV861.4bR928o1 aRugeles, Manuel Felipe,d1904-1959.9820710aObra poética /cManuel Felipe Rugeles, Juan Manuel González. aCaracas :bPresidencia de la República,c1978. axxiii, 518 p. :bil. ;c23 cm. 4aPoesía venezolana94230 4aLiteratura venezolana9381614aRUGELES, MANUEL FELIPE,d1904-195998208 aCatalogación por copia / LC 001052708MOaGRbGRcCTd2009-07-21iLF1l0oV861.4 R928op2604-10r2020-06-25w2020-06-25y2ZPréstamo interno c2440d2440